000 00494nam a2200193Ia 4500
003 GCL
008 140319s9999 xx 000 0 eng d
040 _aGCL /
_cGCL
082 0 4 _a897
_bK B
100 1 _aKIDDER, TRACY
245 1 0 _aTHE BEST AMERICAN ESSAYS 1994 /
_cKIDDER, TRACY
700 1 _aATWAN, ROBERT
260 _a[S.N] :
_bHOUGHTON MIFFLIN COMPANY ،
_c1994
300 _a321 P
650 0 4 _aENGLISH LITERATURE
650 0 4 _aLITERATURE
650 0 4 _aAMERICA
942 _2ddc
_cBK
999 _c24797
_d24797